दुर्गेश्वरी. (Record no. 337082)

MARC details
000 -LEADER
fixed length control field 00558nam a2200169Ia 4500
008 - FIXED-LENGTH DATA ELEMENTS--GENERAL INFORMATION
fixed length control field 090711s9999 xx 000 0 und d
082 ## - DEWEY DECIMAL CLASSIFICATION NUMBER
Item number 105
100 ## - MAIN ENTRY--PERSONAL NAME
Personal name बागुल प्रभाकर
245 ## - TITLE STATEMENT
Title दुर्गेश्वरी.
260 ## - PUBLICATION, DISTRIBUTION, ETC. (IMPRINT)
Name of publisher, distributor, etc शांती पब्लिकेशन्स
Date of publication, distribution, etc 2000
300 ## - PHYSICAL DESCRIPTION
Extent 272
600 ## - SUBJECT ADDED ENTRY--PERSONAL NAME
Personal name बागुल प्रभाकर
630 ## - SUBJECT ADDED ENTRY--UNIFORM TITLE
Uniform title दुर्गेश्वरी.
700 ## - ADDED ENTRY--PERSONAL NAME
Personal name बागुल प्रभाकर
730 ## - ADDED ENTRY--UNIFORM TITLE
Uniform title दुर्गेश्वरी.
942 ## - ADDED ENTRY ELEMENTS (KOHA)
Koha item type Book

No items available.